000 00681nam a2200277Ia 4500
005 20260324124711.0
008 008 260324s9999 xx 000 0 eng d
020 _a9781315606804
037 _aEBOOK
040 _aCRL
040 _beng
040 _cCRL
041 _2eng
041 _aeng
084 _qCRL
100 _aMike Tyldesley; Matthew Jefferies
_91175174
245 0 _aRolf Gardiner: Folk, Nature and Culture in Interwar Britain
260 _bTaylor and Francis
260 _c2010
365 _a
365 _b240
856 _uhttp://www.taylorfrancis.com/books/9781315606804
942 _cEBOOK
999 _c1769771
_d1769771